| 000 | 01216nam a2200337 a 4500 | ||
|---|---|---|---|
| 999 |
_c475244 _d475244 |
||
| 003 | BLK | ||
| 005 | 20250704174901.0 | ||
| 008 | 180411b bul|||||r ||||||| ||bul|| | ||
| 020 | _a9786192403683 | ||
| 040 | _aBLK | ||
| 041 |
_aBUL _cBUL |
||
| 080 |
_aДинозаври _b568.1 _z568.1 |
||
| 100 | 1 |
_aБомон, Емили _eпърви автор _941173 |
|
| 139 |
_aБомон, Емили _bБ 61 |
||
| 245 | 1 | 0 |
_aДинозаврите _cЕмили Бомон ; ил. Корали Валажеа ; прев. Борис Христов. |
| 260 |
_aСофия _bПАН _c2021 |
||
| 300 |
_a20 с. _bс цв. ил. _c23 см |
||
| 380 | _aDN | ||
| 490 |
_9205918 _aЕнциклопедия за най-малките |
||
| 653 | 7 |
_9194351 _aпраисторически животни |
|
| 653 | 7 |
_9185229 _aдинозаври |
|
| 653 | 0 |
_9471119 _aдетски книги |
|
| 700 |
_aВалажеа, Корали _eил. _9481500 |
||
| 700 |
_aХристов, Борис _eпрев. _9266250 |
||
| 852 |
_bД _c5/Б 61 Е |
||
| 852 |
_bЦб _aЦб 317328 |
||
| 856 |
_i0.00 _ldisable |
||
| 942 |
_cKNG _n0 _s1 _029 |
||
| 944 |
_aCR _c2022-10-06 _k30537 _lГрета Цуфелде |
||
| 999 | _d475244 | ||